Fremdsprachliche Handlungskompetenz testen

Charakteristické znaky jazykových testov preverujúcich schopnosť komunikovať v cudzom jazyku. Analýza prakticky orientovaných úloh v teste.

Gespeichert in:
Bibliographische Detailangaben
1. Verfasser: Kuban, Heike
Format: Buchkapitel
Sprache:Deutsch
Schlagworte:
Tags: Tag hinzufügen
Keine Tags, Fügen Sie das erste Tag hinzu!

MARC

LEADER 00000naa$a2200000$$$4500
001 0160061
005 20240502072759.1
041 0 |a ger 
044 |a SK 
245 1 0 |a Fremdsprachliche Handlungskompetenz testen  |c Heike Kuban 
520 |a Charakteristické znaky jazykových testov preverujúcich schopnosť komunikovať v cudzom jazyku. Analýza prakticky orientovaných úloh v teste. 
610 2 0 |a jazyky cudzie 
610 2 0 |a nemčina 
610 2 0 |a testy 
610 2 0 |a vzdelávanie 
610 2 0 |a komunikácia 
100 1 |a Kuban, Heike